| 000 | 00350 a2200133 4500 | ||
|---|---|---|---|
| 001 | 91487 | ||
| 082 | _aPR 1451 | ||
| 090 |
_c43626 _d43625 |
||
| 100 | _aMuhammad Faisal Khan Bangash; Prof Asad Ikram (Advisor) | ||
| 245 |
_aLow Energy White LED Bulb _n59 "B" EC |
||
| 260 |
_aRawalpindi _bNUST _c2004 |
||
| 300 | _a70p | ||
| 500 | _aBE Project Reports | ||
| 942 |
_aCAE NUST _kPR 1451 |
||
| 999 |
_c326560 _d326560 |
||